| 000 | 00767nam a2200217 a 4500 | ||
|---|---|---|---|
| 001 | 000024101 | ||
| 005 | 20200930022723.0 | ||
| 008 | 110118s1986 pr abc r 001 0 spa d | ||
| 020 | _a8459966941 | ||
| 040 |
_aDO-SdBNP _bspa _cBNPHU |
||
| 082 |
_axxxxx _bM337h |
||
| 100 | 1 |
_aMarín Pedraza, Raúl _949511 |
|
| 245 | 1 | 3 |
_aLa historia de San Lorenzo / _cRaúl Marín Pedraza , Ana Mercedes Aponte Roque. |
| 260 |
_aSan Juan, Puerto Rico : _b[s. l.], _c1986. |
||
| 300 |
_axii, 356 p. ; : _bil., mapas., retrs. ; _c24.5 cm. |
||
| 500 | _aIncluye bibliografía p. [287-288]. | ||
| 500 | _aIncluye índice onomástico. | ||
| 504 | _aIncluye referencias bibliográficas y notas al pie de las páginas. | ||
| 700 | 1 |
_aAponte Roque, Ana Mercedes _949512 |
|
| 049 | _aBNGR | ||
| 999 |
_c23596 _d23596 |
||